<?xml version="1.0" encoding="UTF-8"?>
<record
    xmlns:xsi="http://www.w3.org/2001/XMLSchema-instance"
    xsi:schemaLocation="http://www.loc.gov/MARC21/slim http://www.loc.gov/standards/marcxml/schema/MARC21slim.xsd"
    xmlns="http://www.loc.gov/MARC21/slim">

  <leader>00825nma a22002297a 4500</leader>
  <controlfield tag="005">20210325202440.0</controlfield>
  <controlfield tag="006">g           q   ||</controlfield>
  <controlfield tag="008">      s2550                        tha d</controlfield>
  <datafield tag="041" ind1=" " ind2=" ">
    <subfield code="a">tha</subfield>
  </datafield>
  <datafield tag="090" ind1=" " ind2=" ">
    <subfield code="a">CD1327</subfield>
  </datafield>
  <datafield tag="100" ind1="0" ind2=" ">
    <subfield code="a">&#xE0D;&#xE32;&#xE14;&#xE32;, &#xE1C;&#xE39;&#xE49;&#xE41;&#xE1B;&#xE25;</subfield>
  </datafield>
  <datafield tag="245" ind1="1" ind2="0">
    <subfield code="a">Insight illustrator CS3 [CD-ROM]</subfield>
  </datafield>
  <datafield tag="260" ind1="3" ind2=" ">
    <subfield code="a">&#xE01;&#xE23;&#xE38;&#xE07;&#xE40;&#xE17;&#xE1E;&#xE2F; : </subfield>
    <subfield code="b">&#xE42;&#xE1B;&#xE23;&#xE27;&#xE34;&#xE0A;&#xE31;&#xE48;&#xE19;, </subfield>
    <subfield code="c">2550</subfield>
  </datafield>
  <datafield tag="300" ind1=" " ind2=" ">
    <subfield code="a">1 &#xE41;&#xE1C;&#xE48;&#xE19; ;</subfield>
    <subfield code="b"> sd., col.</subfield>
  </datafield>
  <datafield tag="650" ind1="0" ind2="4">
    <subfield code="a">Adobe Illustrator (Computer Programs)</subfield>
  </datafield>
  <datafield tag="650" ind1="0" ind2="4">
    <subfield code="a">&#xE2D;&#xE42;&#xE14;&#xE1A;&#xE35;&#xE2D;&#xE34;&#xE25;&#xE31;&#xE2A;&#xE40;&#xE15;&#xE23;&#xE40;&#xE17;&#xE2D;&#xE23;&#xE4C; (&#xE42;&#xE1B;&#xE23;&#xE41;&#xE01;&#xE23;&#xE21;&#xE04;&#xE2D;&#xE21;&#xE1E;&#xE34;&#xE27;&#xE40;&#xE15;&#xE2D;&#xE23;&#xE4C;)</subfield>
  </datafield>
  <datafield tag="650" ind1="0" ind2="4">
    <subfield code="a">&#xE04;&#xE2D;&#xE21;&#xE1E;&#xE34;&#xE27;&#xE40;&#xE15;&#xE2D;&#xE23;&#xE4C;&#xE01;&#xE23;&#xE32;&#xE1F;&#xE34;&#xE01;</subfield>
  </datafield>
  <datafield tag="850" ind1=" " ind2=" ">
    <subfield code="a">NALT</subfield>
  </datafield>
  <datafield tag="942" ind1=" " ind2=" ">
    <subfield code="c">CD</subfield>
  </datafield>
  <datafield tag="997" ind1=" " ind2=" ">
    <subfield code="c">000000000055532</subfield>
    <subfield code="k">VC</subfield>
  </datafield>
  <datafield tag="998" ind1=" " ind2=" ">
    <subfield code="a">&#xE19;&#xE32;&#xE07;&#xE2A;&#xE38;&#xE01;&#xE31;&#xE0D;&#xE0D;&#xE32;  &#xE01;&#xE31;&#xE25;&#xE22;&#xE32;</subfield>
  </datafield>
  <datafield tag="999" ind1=" " ind2=" ">
    <subfield code="c">55532</subfield>
    <subfield code="d">55532</subfield>
  </datafield>
  <datafield tag="952" ind1=" " ind2=" ">
    <subfield code="0">0</subfield>
    <subfield code="1">0</subfield>
    <subfield code="4">0</subfield>
    <subfield code="7">0</subfield>
    <subfield code="8">CAV</subfield>
    <subfield code="a">NALT</subfield>
    <subfield code="b">NALT</subfield>
    <subfield code="e">&#xE1A;&#xE23;&#xE34;&#xE08;&#xE32;&#xE04;</subfield>
    <subfield code="l">0</subfield>
    <subfield code="o">CD 1327</subfield>
    <subfield code="p">3961172679</subfield>
    <subfield code="r">2017-06-09 00:00:00</subfield>
    <subfield code="w">2017-06-09</subfield>
    <subfield code="y">CD</subfield>
  </datafield>
</record>
